000 00752nam a22002411 4500
001 17903
003 BD-RjUL
005 20211209000217.0
008 140219s1956 at a 000 1 eng
035 _a(BD-RjUL)17961
035 _a(OCoLC)3040106
040 _aDLC
_cScU
_dScU
_dUk
_dDLC
_dBD-RjUL
_beng
041 _aeng
082 _a820.82
_bAUS 1956
245 1 0 _aAustralian signpost :
_ban anthology
_cedited for the Canberra Fellowship of Australian Writers.
260 _aMelbourne :
_bF. W. Cheshire,
_c1956.
300 _axi, 308 p. :
_bill. ;
_c22 cm.
650 0 _aAustralian literature
_y20th century
_955228
700 1 _aHungerford, T. A. G.
_q(Thomas Arthur Guy)
_955229
942 _2ddc
_cBK
999 _c17903
_d17903